[Event "JBLN West 1819"]
[Site "Germany"]
[Date "2019.05.05"]
[Round "7.5"]
[White "Pommerenke, Kayonzo"]
[Black "Schramm, David"]
[Result "1/2-1/2"]
[WhiteElo "1594"]
[BlackElo "1517"]
[PlyCount "97"]
[EventDate "2018.09.23"]
[EventType "team-tourn"]
[EventRounds "9"]
[EventCountry "GER"]
[SourceTitle "EXT 2020"]
[Source "ChessBase"]
[SourceDate "2019.10.17"]
[SourceVersion "1"]
[SourceVersionDate "2019.10.17"]
[SourceQuality "1"]
[WhiteTeam "Flensburg U20"]
[BlackTeam "Weisse Dame U20"]
[WhiteTeamCountry "GER"]
[BlackTeamCountry "GER"]

1. e4 e5 2. Nf3 Nc6 3. Bb5 a6 4. Ba4 d6 5. 0-0 g6 6. c3 Bg7 7. d4 b5 8. Bb3 Bb7 9. Ng5 Nh6 10. dxe5 Nxe5 11. f4 Nd7 12. f5 Ne5 13. Be3 c5 14. fxg6 hxg6 15. c4 bxc4 16. Ba4+ Bc6 17. Bxc6+ Nxc6 18. Qd5 Ne5 19. Nd2 0-0 20. Nxc4 Nxc4 21. Qxc4 Qe7 22. Rab1 Ng4 23. Bf4 Bd4+ 24. Kh1 Ne3 25. Bxe3 Bxe3 26. Nf3 Rfe8 27. Rbd1 Bh6 28. Rfe1 a5 29. e5 dxe5 30. Rxe5 Qf6 31. Qxc5 Rxe5 32. Qxe5 Rd8 33. Rxd8+ Qxd8 34. Qe2 Qc8 35. Qd1 Bg7 36. b3 Bf6 37. h3 Qc3 38. Kg1 Qb2 39. Qd2 Qa3 40. Qc2 Bb2 41. Qb1 Bc3 42. Kf1 Kg7 43. Ne1 Qd6 44. Qd3 Qf4+ 45. Nf3 Qc1+ 46. Kf2 Qb2+ 47. Qe2 Qa3 48. Qc2 Bb2 49. Qb1 1/2-1/2

[Event "JBLN West 1819"]
[Site "Germany"]
[Date "2019.03.10"]
[Round "6.4"]
[White "Pommerenke, Kayonzo"]
[Black "Mundt, Alexandra"]
[Result "0-1"]
[WhiteElo "1594"]
[BlackElo "1830"]
[PlyCount "88"]
[EventDate "2018.09.23"]
[EventType "team-tourn"]
[EventRounds "9"]
[EventCountry "GER"]
[SourceTitle "EXT 2020"]
[Source "ChessBase"]
[SourceDate "2019.10.17"]
[SourceVersion "1"]
[SourceVersionDate "2019.10.17"]
[SourceQuality "1"]
[WhiteTeam "Flensburg U20"]
[BlackTeam "Luebeck SV U20"]
[WhiteTeamCountry "GER"]
[BlackTeamCountry "GER"]

1. e4 e5 2. Nf3 Nf6 3. Nxe5 d6 4. Nf3 Nxe4 5. d3 Nf6 6. Be2 Be7 7. 0-0 0-0 8. c4 d5 9. Bf4 Bg4 10. h3 Bh5 11. Nc3 Na6 12. a3 dxc4 13. dxc4 Nc5 14. Ne5 Bxe2 15. Qxe2 Bd6 16. Rad1 Qc8 17. b4 Ne6 18. Bg3 Re8 19. Nd5 Nxd5 20. Rxd5 f6 21. Ng4 Nf4 22. Qf3 Nxd5 23. Qxd5+ Qe6 24. Qxb7 Bxg3 25. fxg3 Qb6+ 26. Qxb6 axb6 27. Kf2 Rxa3 28. Rd1 Kf7 29. Rd7+ Re7 30. Rd8 Rc3 31. c5 bxc5 32. bxc5 h5 33. Nh2 Rxc5 34. g4 h4 35. Nf3 Rc2+ 36. Kf1 g5 37. Nd4 Rd2 38. Rd5 c5 39. Rxc5 Rxd4 40. Rc6 Rf4+ 41. Kg1 Re1+ 42. Kh2 Rff1 43. Rxf6+ Kxf6 44. g3 Re2# 0-1

[Event "JBLN West 1819"]
[Site "Germany"]
[Date "2018.11.04"]
[Round "2.4"]
[White "Pommerenke, Kayonzo"]
[Black "Kotyk, Michael"]
[Result "0-1"]
[WhiteElo "1594"]
[BlackElo "1974"]
[PlyCount "102"]
[EventDate "2018.09.23"]
[EventType "team-tourn"]
[EventRounds "9"]
[EventCountry "GER"]
[SourceTitle "EXT 2020"]
[Source "ChessBase"]
[SourceDate "2019.10.17"]
[SourceVersion "1"]
[SourceVersionDate "2019.10.17"]
[SourceQuality "1"]
[WhiteTeam "Flensburg U20"]
[BlackTeam "Hamburger SK U20"]
[WhiteTeamCountry "GER"]
[BlackTeamCountry "GER"]

1. e4 c5 2. Nf3 a6 3. d4 cxd4 4. Nxd4 Nf6 5. Nc3 e5 6. Nde2 Bc5 7. g3 Ng4 8. Be3 Bxe3 9. fxe3 Nxe3 10. Qd3 Qg5 11. h4 Qh6 12. Bh3 0-0 13. Kf2 f5 14. exf5 Nxf5 15. Bxf5 g6 16. Qd5+ Kh8 17. Qxe5+ Qg7 18. Qxg7+ Kxg7 19. Nd4 Nc6 20. Nce2 d6 21. Rad1 Nxd4 22. Nxd4 Bxf5 23. Nxf5+ Rxf5+ 24. Kg2 Rb5 25. b3 d5 26. Rhe1 Rc8 27. Rd2 Rbc5 28. Rc1 b5 29. a4 b4 30. Kf2 Kf6 31. Ke3 Ke5 32. Rd4 Rc3+ 33. Rd3 Rxc2 34. Rcd1 R8c3 35. Rxc3 Rxc3+ 36. Rd3 Rxd3+ 37. Kxd3 h5 38. a5 d4 39. Kc4 Ke4 40. Kxb4 Ke3 41. Kc5 d3 42. b4 d2 43. Kb6 d1Q 44. Kxa6 Qd6+ 45. Ka7 Qxb4 46. a6 Kf3 47. Ka8 Qb6 48. a7 Ke4 49. g4 hxg4 50. h5 Qxa7+ 51. Kxa7 gxh5 0-1

[Event "Asuncion Clasificatorio op 3rd"]
[Site "Asuncion"]
[Date "2015.07.19"]
[Round "6.3"]
[White "Diaz, Ramon"]
[Black "Pommerenke, Kayonzo"]
[Result "1-0"]
[WhiteElo "1915"]
[BlackElo "1628"]
[PlyCount "123"]
[EventDate "2015.07.17"]
[EventType "swiss"]
[EventRounds "7"]
[EventCountry "PAR"]
[SourceTitle "EXT 2023"]
[Source "ChessBase"]
[SourceDate "2022.10.05"]
[SourceVersion "1"]
[SourceVersionDate "2022.10.05"]
[SourceQuality "1"]

1. e4 e5 2. Nf3 Nf6 3. Nxe5 d6 4. Nf3 Nxe4 5. d3 Nf6 6. Be2 Be7 7. 0-0 0-0 8. d4 d5 9. h3 Bf5 10. Bf4 Re8 11. Nc3 Bd6 12. Bg5 h6 13. Bxf6 Qxf6 14. Nxd5 Qe6 15. Bc4 Qg6 16. Nh4 Qg5 17. Nxf5 Qxf5 18. Qd3 Qxd3 19. Bxd3 c6 20. Nc3 Nd7 21. Ne4 Bc7 22. Rfe1 Kf8 23. Kf1 Re7 24. Nd2 Rae8 25. Rxe7 Rxe7 26. Ne4 f6 27. Rd1 Nb6 28. Nc5 Bd6 29. Ne4 Bc7 30. c4 Na4 31. Rd2 Bf4 32. Rc2 Rd7 33. c5 Rxd4 34. Ke2 b6 35. b3 Nxc5 36. Nxc5 bxc5 37. Rxc5 Rd6 38. g3 Re6+ 39. Kf3 Bb8 40. Be4 Ke7 41. Bxc6 Kd6 42. Rb5 Kxc6 43. Rxb8 Re7 44. Rd8 Rb7 45. Rd4 a5 46. Kf4 Rb5 47. h4 g5+ 48. Kg4 gxh4 49. Kxh4 Rf5 50. Rf4 Rxf4+ 51. gxf4 f5 52. a3 Kd5 53. b4 axb4 54. axb4 Kc4 55. Kh5 Kxb4 56. Kxh6 Kc5 57. Kg5 Kd6 58. Kxf5 Ke7 59. Kg6 Kf8 60. f5 Kg8 61. f6 Kf8 62. f7 1-0

[Event "Asuncion Clasificatorio op 3rd"]
[Site "Asuncion"]
[Date "2015.07.18"]
[Round "4.6"]
[White "Benitez Galeano, Alejandro"]
[Black "Pommerenke, Kayonzo"]
[Result "0-1"]
[WhiteElo "1943"]
[BlackElo "1628"]
[PlyCount "106"]
[EventDate "2015.07.17"]
[EventType "swiss"]
[EventRounds "7"]
[EventCountry "PAR"]
[SourceTitle "EXT 2023"]
[Source "ChessBase"]
[SourceDate "2022.10.05"]
[SourceVersion "1"]
[SourceVersionDate "2022.10.05"]
[SourceQuality "1"]

1. e4 e5 2. Nf3 Nf6 3. Nxe5 d6 4. Nf3 Nxe4 5. Nc3 Nxc3 6. dxc3 Be7 7. Bd3 0-0 8. Bf4 Nd7 9. Qd2 Nc5 10. 0-0-0 Nxd3+ 11. Qxd3 h6 12. h4 Bf6 13. g4 Bxg4 14. Rdg1 h5 15. Ng5 g6 16. Ne4 Bg7 17. Ng3 Qf6 18. Be3 c5 19. Rh2 Rfe8 20. Bg5 Qe6 21. f3 c4 22. Qf1 Bf5 23. Nxf5 Qxf5 24. Qxc4 Qe6 25. Qxe6 Rxe6 26. Rd2 Bf8 27. Rgd1 Kg7 28. Rd5 Rc8 29. Bf4 Rc6 30. R1d4 a6 31. Kd2 Be7 32. Bg3 Bf6 33. Rd3 Be5 34. f4 Bf6 35. f5 gxf5 36. Bxd6 Bxh4 37. Bf4 Kg6 38. Rh3 Bg5 39. Rg3 f6 40. Rf3 Bxf4+ 41. Rxf4 Re5 42. Rd8 Kg5 43. Rf1 f4 44. Rd4 Rf5 45. Rg1+ Kh4 46. Rh1+ Kg3 47. Rg1+ Kf2 48. Re1 f3 49. Rd7 Kg2 50. Rg7+ Rg5 51. Rge7 Rd6+ 52. Kc1 f2 53. R7e2 Re5 0-1

[Event "GER-ch U14"]
[Site "Willingen"]
[Date "2015.05.26"]
[Round "5"]
[White "Pommerenke, Kayonzo"]
[Black "Wiesner, Alexander"]
[Result "1-0"]
[WhiteElo "1574"]
[BlackElo "1774"]
[PlyCount "109"]
[EventDate "2015.05.24"]
[EventType "swiss"]
[EventRounds "9"]
[EventCountry "GER"]
[SourceTitle "CBM 166 Extra"]
[Source "ChessBase"]
[SourceDate "2015.06.18"]
[SourceVersion "1"]
[SourceVersionDate "2015.06.18"]
[SourceQuality "1"]

1. e4 c5 2. Nf3 Nc6 3. Bb5 e6 4. Bxc6 bxc6 5. Nc3 d5 6. d3 Ne7 7. 0-0 Ng6 8. b3 Bd6 9. Re1 0-0 10. e5 Be7 11. Ba3 Qa5 12. Na4 Ba6 13. Qd2 Qxd2 14. Nxd2 c4 15. Bxe7 Nxe7 16. Nc5 c3 17. Nb1 Bc8 18. Nxc3 Ng6 19. g3 f6 20. exf6 Rxf6 21. f4 Ne7 22. Ne2 Nf5 23. c3 a5 24. Nd4 Nxd4 25. cxd4 Kf7 26. Re5 h6 27. Rae1 Ke7 28. f5 Rb8 29. fxe6 Rb4 30. Kg2 Rxd4 31. h3 g6 32. a3 h5 33. R1e3 h4 34. Rf3 Rxf3 35. Kxf3 hxg3 36. Kxg3 g5 37. Rxg5 Bxe6 38. Re5 Kd6 39. Rxe6+ Kxc5 40. Re3 Kb5 41. h4 c5 42. h5 c4 43. dxc4+ dxc4 44. bxc4+ Kxc4 45. h6 Rd6 46. Re4+ Kb3 47. Rh4 Rd8 48. h7 Rh8 49. a4 Ka3 50. Kf3 Kb3 51. Ke3 Ka3 52. Kd4 Kxa4 53. Kc5+ Kb3 54. Kb5 a4 55. Rh3+ 1-0

[Event "GER-ch U14"]
[Site "Willingen"]
[Date "2015.05.25"]
[Round "3"]
[White "Pommerenke, Kayonzo"]
[Black "Degenhard, Simon"]
[Result "1/2-1/2"]
[WhiteElo "1574"]
[BlackElo "1891"]
[PlyCount "112"]
[EventDate "2015.05.24"]
[EventType "swiss"]
[EventRounds "9"]
[EventCountry "GER"]
[SourceTitle "CBM 166 Extra"]
[Source "ChessBase"]
[SourceDate "2015.06.18"]
[SourceVersion "1"]
[SourceVersionDate "2015.06.18"]
[SourceQuality "1"]

1. e4 c5 2. d4 cxd4 3. Qxd4 Nc6 4. Qe3 Nf6 5. Nc3 d6 6. h3 g6 7. Nf3 Bg7 8. a3 0-0 9. Bd3 Be6 10. Ng5 Bd7 11. 0-0 Rc8 12. Qg3 Nh5 13. Qh2 Bxc3 14. bxc3 Ne5 15. Bd2 Nc4 16. Bf4 Qa5 17. Rab1 b6 18. Rb3 Nxf4 19. Qxf4 Qe5 20. Qc1 Na5 21. Rb4 Rxc3 22. Nf3 Qf6 23. Qb2 Rfc8 24. Re1 Nc6 25. e5 Nxe5 26. Nxe5 dxe5 27. Rbe4 Bf5 28. Rxe5 Bxd3 29. cxd3 Rxd3 30. Qb5 Rxa3 31. Rxe7 Ra1 32. Rxa1 Qxe7 33. Kh2 Qd6+ 34. g3 Qc5 35. Qxc5 bxc5 36. Rxa7 c4 37. Kg2 c3 38. Ra1 c2 39. Rc1 Rc3 40. Kf1 h5 41. h4 Kg7 42. Ke2 Kf6 43. Kd2 Rf3 44. Ke2 Rc3 45. Kd2 Rc6 46. Rxc2 Rxc2+ 47. Kxc2 Kf5 48. Kd3 Kg4 49. Ke2 f5 50. Ke3 f4+ 51. gxf4 Kxh4 52. f5 gxf5 53. Kf4 Kh3 54. Kxf5 h4 55. Kg5 Kg2 56. Kxh4 Kxf2 1/2-1/2

[Event "GER-chT North U14"]
[Site "Magdeburg"]
[Date "2014.09.14"]
[Round "7.1"]
[White "Biastoch, Bennet"]
[Black "Pommerenke, Kayonzo"]
[Result "1-0"]
[WhiteElo "1862"]
[BlackElo "1480"]
[PlyCount "73"]
[EventDate "2014.09.11"]
[EventType "team-swiss"]
[EventRounds "7"]
[EventCountry "GER"]
[SourceTitle "EXT 2016"]
[Source "ChessBase"]
[SourceDate "2015.10.08"]
[SourceVersion "1"]
[SourceVersionDate "2015.10.08"]
[SourceQuality "1"]
[WhiteTeam "Magdeburg Aufbau Elbe"]
[BlackTeam "Luebeck"]
[WhiteTeamCountry "GER"]
[BlackTeamCountry "GER"]

1. e4 e5 2. Nf3 Nf6 3. Nxe5 d6 4. Nf3 Nxe4 5. d4 d5 6. Bd3 Be7 7. 0-0 0-0 8. c4 Nf6 9. b3 c5 10. Bb2 Nc6 11. a3 dxc4 12. Bxc4 cxd4 13. Nxd4 Nxd4 14. Bxd4 Bf5 15. Nc3 a6 16. Be2 Rc8 17. Bf3 Bc5 18. Bxc5 Qxd1 19. Nxd1 Rxc5 20. Bxb7 Rb5 21. Bxa6 Rxb3 22. Ne3 Be6 23. Bc4 Bxc4 24. Nxc4 Ne4 25. Rfb1 Rxb1+ 26. Rxb1 Rc8 27. Ne3 Kf8 28. f3 Nd2 29. Rb2 Nc4 30. Rc2 Nxe3 31. Rxc8+ Ke7 32. a4 Nd5 33. a5 Nb4 34. Rc7+ Ke6 35. a6 Nd5 36. Rc6+ Ke7 37. a7 1-0

[Event "GER-chT North U14"]
[Site "Magdeburg"]
[Date "2014.09.13"]
[Round "5.2"]
[White "Peich, Benedikt"]
[Black "Pommerenke, Kayonzo"]
[Result "0-1"]
[WhiteElo "1282"]
[BlackElo "1480"]
[PlyCount "108"]
[EventDate "2014.09.11"]
[EventType "team-swiss"]
[EventRounds "7"]
[EventCountry "GER"]
[SourceTitle "EXT 2016"]
[Source "ChessBase"]
[SourceDate "2015.10.08"]
[SourceVersion "1"]
[SourceVersionDate "2015.10.08"]
[SourceQuality "1"]
[WhiteTeam "Potsdam Empor"]
[BlackTeam "Luebeck"]
[WhiteTeamCountry "GER"]
[BlackTeamCountry "GER"]

1. e4 e5 2. Nf3 Nf6 3. Nc3 Bb4 4. d3 Nc6 5. Be2 d5 6. 0-0 d4 7. Nb1 0-0 8. a3 Bd6 9. Bg5 h6 10. Bh4 Qe7 11. h3 Qe6 12. Nbd2 Ne7 13. Re1 Ng6 14. Bg3 c5 15. a4 Nf4 16. Bxf4 exf4 17. Nc4 Nd7 18. Nfd2 Ne5 19. Nxe5 Bxe5 20. Nc4 Re8 21. Bg4 Qg6 22. Bxc8 Raxc8 23. Nxe5 Rxe5 24. Qg4 Rc6 25. Qxg6 Rxg6 26. f3 Kf8 27. c4 Reg5 28. Re2 Re6 29. Rae1 Rge5 30. Kf2 Rb6 31. Rb1 Rb4 32. b3 Re6 33. Kf1 Ke7 34. e5 Reb6 35. Reb2 Ke6 36. Ke1 Kxe5 37. Kd1 Kf5 38. Kc2 Re6 39. Kd1 Rbb6 40. Re2 Rxe2 41. Kxe2 Re6+ 42. Kd2 Kg5 43. Re1 Kh4 44. Rxe6 fxe6 45. Ke2 Kg3 46. Kf1 a5 47. Kg1 g5 48. Kf1 h5 49. Kg1 g4 50. hxg4 hxg4 51. fxg4 Kxg4 52. Kf2 b6 53. Ke2 Kg3 54. Kf1 f3 0-1

[Event "GER-chT North U14"]
[Site "Magdeburg"]
[Date "2014.09.12"]
[Round "3.2"]
[White "Roho, Kevin"]
[Black "Pommerenke, Kayonzo"]
[Result "1/2-1/2"]
[WhiteElo "1679"]
[BlackElo "1480"]
[PlyCount "69"]
[EventDate "2014.09.11"]
[EventType "team-swiss"]
[EventRounds "7"]
[EventCountry "GER"]
[SourceTitle "EXT 2016"]
[Source "ChessBase"]
[SourceDate "2015.10.08"]
[SourceVersion "1"]
[SourceVersionDate "2015.10.08"]
[SourceQuality "1"]
[WhiteTeam "Weisse Dame"]
[BlackTeam "Luebeck"]
[WhiteTeamCountry "GER"]
[BlackTeamCountry "GER"]

1. e4 e5 2. Bc4 Nf6 3. d4 d6 4. dxe5 Nxe4 5. Qd5 Be6 6. Qxe4 d5 7. Qd3 dxc4 8. Qxd8+ Kxd8 9. Nf3 Nd7 10. Bg5+ Be7 11. Bxe7+ Kxe7 12. Nc3 Rhe8 13. h3 Bf5 14. 0-0-0 c6 15. Rhe1 Kd8 16. Ne4 Bxe4 17. Rxe4 Kc7 18. Red4 Rad8 19. Rxc4 Nxe5 20. Rxd8 Kxd8 21. Nxe5 Rxe5 22. Kd2 Kd7 23. Rd4+ Kc7 24. Rd3 b6 25. Re3 Rxe3 26. Kxe3 Kd6 27. Kd4 c5+ 28. Kc4 Kc6 29. a4 a6 30. b3 b5+ 31. axb5+ axb5+ 32. Kd3 Kd5 33. c4+ bxc4+ 34. bxc4+ Ke5 35. Ke3 1/2-1/2

[Event "GER-chT North U12"]
[Site "Magdeburg"]
[Date "2013.09.14"]
[Round "6.1"]
[White "Schnabel, Bennett"]
[Black "Pommerenke, Kayonzo"]
[Result "1/2-1/2"]
[WhiteElo "1651"]
[BlackElo "1460"]
[PlyCount "81"]
[EventDate "2013.09.12"]
[EventType "team-swiss"]
[EventRounds "7"]
[EventCountry "GER"]
[SourceTitle "EXT 2014"]
[Source "ChessBase"]
[SourceDate "2013.11.20"]
[SourceVersion "1"]
[SourceVersionDate "2013.11.20"]
[SourceQuality "1"]
[WhiteTeam "Treptow"]
[BlackTeam "Luebeck"]
[WhiteTeamCountry "GER"]
[BlackTeamCountry "GER"]

1. e4 e5 2. Nf3 Nc6 3. Bb5 Nf6 4. 0-0 a6 5. Bxc6 bxc6 6. Nxe5 Be7 7. Nc3 0-0 8. d3 Bb7 9. Re1 d6 10. Ng4 Qd7 11. Nxf6+ Bxf6 12. Bd2 Rfe8 13. Rb1 d5 14. Na4 Be7 15. b4 Bc8 16. e5 Qf5 17. d4 Bh4 18. Be3 f6 19. g3 Qh3 20. Qe2 fxe5 21. Qh5 Bf5 22. Qxh4 Qxh4 23. gxh4 Bxc2 24. Nc5 Bxb1 25. Rxb1 exd4 26. Bxd4 Re2 27. a3 a5 28. bxa5 Rxa5 29. Rb8+ Kf7 30. Rb7 Rxa3 31. Rxc7+ Kg6 32. Rxc6+ Kh5 33. Rd6 Kxh4 34. Rxd5 g5 35. Bf6 Kh3 36. Rd3+ Rxd3 37. Nxd3 Rd2 38. Ne1 g4 39. Bc3 Rd1 40. Bb4 h5 41. Bc3 1/2-1/2

[Event "GER-chT North U12"]
[Site "Magdeburg"]
[Date "2013.09.13"]
[Round "4.1"]
[White "Pommerenke, Kayonzo"]
[Black "Dathe, Frederick"]
[Result "1/2-1/2"]
[WhiteElo "1460"]
[BlackElo "1475"]
[PlyCount "108"]
[EventDate "2013.09.12"]
[EventType "team-swiss"]
[EventRounds "7"]
[EventCountry "GER"]
[SourceTitle "EXT 2014"]
[Source "ChessBase"]
[SourceDate "2013.11.20"]
[SourceVersion "1"]
[SourceVersionDate "2013.11.20"]
[SourceQuality "1"]
[WhiteTeam "Luebeck"]
[BlackTeam "Berlin Schachunion"]
[WhiteTeamCountry "GER"]
[BlackTeamCountry "GER"]

1. e4 e5 2. Nf3 Nc6 3. Bb5 d6 4. d3 Nf6 5. c3 Be7 6. Nbd2 a6 7. Ba4 0-0 8. Nf1 Be6 9. Ng3 h6 10. 0-0 Rb8 11. d4 exd4 12. cxd4 d5 13. Re1 dxe4 14. Nxe4 Nxe4 15. Rxe4 Qd5 16. Re1 Bf6 17. Bxc6 bxc6 18. b3 Bg4 19. Bf4 Rbc8 20. Rc1 Rfd8 21. Rc4 Qb5 22. h3 Be6 23. Rc5 Qxc5 24. dxc5 Rxd1 25. Rxd1 Be7 26. Be3 Kf8 27. Ne5 Bd5 28. f3 Rd8 29. Rd2 Ke8 30. Kf2 g5 31. f4 gxf4 32. Bxf4 Bxc5+ 33. Kg3 Bd6 34. Re2 Kf8 35. Bxh6+ Kg8 36. Kf2 Re8 37. Nf3 Bc5+ 38. Be3 Bb6 39. Bxb6 Rxe2+ 40. Kxe2 cxb6 41. g4 Be6 42. Ke3 c5 43. Ng5 Bd7 44. Ke4 f6 45. Nf3 Be6 46. g5 Kg7 47. h4 b5 48. h5 fxg5 49. Nxg5 Bg4 50. Kd5 c4 51. bxc4 bxc4 52. Kxc4 Kh6 53. Nf7+ Kxh5 54. Nd8 Be2+ 1/2-1/2